| 000 | 00670cam a2200193 4500 | ||
|---|---|---|---|
| 001 | WB3747-02 | ||
| 008 | 011212n2001 000 0 eng u | ||
| 035 | _a(Sirsi) u115972 | ||
| 245 | _aHousebuilding statistics October 2001 | ||
| 260 | _c2001 | ||
| 490 |
_aDTLR News Release _v6 December 2001, (3) |
||
| 520 | _aIt is provisionally estimated that in October 2001 16,300 dwellings were started in Great Britain. This compares with 13,900 in October 2000. There were 15,900 completions, compared with 15,000 in 2000. | ||
| 590 | _aWB | ||
| 650 | _aHOUSE BUILDING | ||
| 650 | _aSTATISTICS | ||
| 650 | _aNEW STARTS | ||
| 690 | _aBUILT ENVIRONMENT | ||
| 942 | _n0 | ||
| 999 |
_c69090 _d69090 |
||